000 00611nam a2200181Ia 4500
001 11315
005 20260306162819.0
008 260306t2017||||xx |||||||||||||| ||spa||
041 _aESP
082 _a985.03
_bM28
100 _aMathis, Sophie
_eAUT
245 0 _aUna figura de la primera globalización de la América española:
_bVicente Mora Chimo o el itinerario original de un cacique ladino: de la costa norte del Perú a la Corte de España a principios del siglo XVIII
260 _c2017
300 _avarias paginaciones :
_c23 cm.
650 _aGEN
654 _aCHU
942 _cLIB
_dJUS
_fJUS
_2ddc
_n
999 _c11315
_d11315